| 000 | 00439cam a2200169ua 4500 | ||
|---|---|---|---|
| 041 |
_aeng _h |
||
| 082 |
_a822 _bSTU/FI |
||
| 100 | _aStuart, . | ||
| 245 |
_aFive stuart tragedies / _cStuart. _hTextual Documents |
||
| 260 |
_aLondon : _bOxford University Press , _c1964. |
||
| 300 | _a497 ; . | ||
| 440 | 0 |
_aThe Worlds Classics, _v526 _x; |
|
| 490 | 0 |
_aThe Worlds Classics, _v526 _x; |
|
| 504 | _a | ||
| 942 | _cBK | ||
| 999 |
_c5907 _d5907 |
||